| 000 | 00524nam a2200205Ia 4500 | ||
|---|---|---|---|
| 005 | 20260429112221.0 | ||
| 008 | 260429s9999||||xx |||||||||||||| ||und|| | ||
| 020 | _a9789383101252 | ||
| 041 | _aEnglish | ||
| 082 |
_a579.17 _bSIN |
||
| 100 | _aSingh, Vineeta | ||
| 245 | 0 |
_aGreen microbiology / _cVineeta Singh |
|
| 260 |
_aJaipur : _bAgrotech Press, _c2024. |
||
| 300 | _avii, 244 p.; hb | ||
| 650 | _a Environments | ||
| 650 | _a Green microbiology | ||
| 650 | _a Microbiology | ||
| 650 | _aBiology | ||
| 942 | _cTB | ||
| 999 |
_c52942 _d52942 |
||